000 nam a22 a 4500
999 _c4317
_d4317
003 AKMAL
005 20170529081459.0
008 170529s2007 my | e l 000 0 may d
020 _a9789678917452 (kkt.)
082 0 4 _a343.5950965 MAL
_222
090 0 0 _a343.5950965
_bMAL
100 1 _aMalaysia
_9417
245 1 0 _aAkta perkapalan saudagar (pencemaran minyak) 1994 (Akta 515) =
_bMerchant shipping (oil pollution) Act 1994 (Act 515) (hingga 15hb Januari 2007) /
_cdisusun oleh Lembaga Penyelidikan Undang-Undang
246 3 1 _aMerchant shipping (oil pollution) Act 1994 (Act 515) (hingga 15hb Januari 2007)
260 _aPetaling Jaya :
_bInternational Law Book Services,
_c2007
300 _a70ms. ;
_c24cm.
546 _aTeks sejajar bahasa Malaysia dan Inggeris
650 1 0 _aMaritime law
_zMalaysia
_98410
710 2 _aLembaga Penyelidikan Undang-Undang
_98411
942 _2ddc
_cBOOK